| 000 | 00364nam a2200157Ia 4500 | ||
|---|---|---|---|
| 008 | 230605s1998 xx 000 0 und d | ||
| 041 | _aeng | ||
| 100 | _aFrance | ||
| 245 | _aDine with Europes Hot Appetizers | ||
| 260 |
_bKonemann Pub Bonner _c1998 _c1998 |
||
| 300 | _a240 | ||
| 365 | _b1495 | ||
| 500 | _a69 | ||
| 520 | _aReference Copy | ||
| 650 | _aF. P. | ||
| 999 |
_c417962 _d417962 |
||